Flora: legislación punitiva y sancionatoria ambiental. Infracciones y sanciones de carácter administrativo
Saved in:
| Corporate Authors: | , |
|---|---|
| Format: | Bog |
| Sprog: | spansk |
| Udgivet: |
Santiago
CONAMA
1997
|
| Serier: | Estudios de Legislación Ambiental. Serie Jurídica, 25
|
| Fag: | |
| Tags: |
Tilføj Tag
Ingen Tags, Vær først til at tagge denne postø!
|
MARC
| LEADER | 00000nam a2200000 a 4500 | ||
|---|---|---|---|
| 001 | UCK7802 | ||
| 003 | CL-VaPUC | ||
| 008 | 051216e19970000CL |||||||||||||||||spa|d | ||
| 082 | 0 | 4 | |a 346.83044 |b COM |2 21 |
| 110 | 2 | |a Comisión Nacional del Medio Ambiente |e author |9 497438 | |
| 710 | 2 | |a CONAMA |e author |9 497439 | |
| 245 | 1 | 0 | |a Flora: legislación punitiva y sancionatoria ambiental. Infracciones y sanciones de carácter administrativo |
| 300 | |a 40 p | ||
| 942 | |c BK | ||
| 945 | |d 20051216 00:00:00 |a cmena | ||
| 260 | |a Santiago |b CONAMA |c 1997 | ||
| 650 | 0 | |a Protección del medio ambiente |9 257626 | |
| 650 | 0 | |a Flora nativa |9 470614 | |
| 650 | 0 | |a Contaminación del suelo |9 338123 | |
| 650 | 7 | |a PLAGAS |2 CL-VaPUC |9 264624 | |
| 650 | 0 | |a Derecho y legislación |9 255077 | |
| 650 | 0 | |a Derecho ambiental |9 257835 | |
| 650 | 7 | |a SANCIONES |2 CL-VaPUC |9 371891 | |
| 650 | 0 | |a Recursos naturales |9 255232 | |
| 583 | |a last modification |c 20051216 00:00:00 |k Rodrigo Vera | ||
| 490 | 0 | |a Estudios de Legislación Ambiental. Serie Jurídica, 25 | |
| 999 | |c 315647 |d 315645 | ||
| 952 | |0 0 |1 0 |4 0 |6 346_830440000000000_COM_1997 |7 0 |8 P |9 389198 |a BIBDER |b BIBDER |d 2019-11-22 |i 4121694 |o 346.83044 COM 1997 |p 4121694 |r 2023-01-25 |w 2019-11-22 |y BK |k DER | ||